000 00628nam a2200241Ia 4500
005 20250425162548.0
008 250425s9999 xx 000 0 und d
020 _a0240802950
041 _aeng
082 _a384.51
100 _aINGLIS, ANDREW F.
245 0 _aSATELLITE TECHNOLOGY: AN INTRODUCTION
250 _a2ND ED.
260 _aBOSTON
260 _aEstados Unidos
_bFOCAL PRESS
_c1977
300 _a134
650 _aANTENAS-COMUNICACION
650 _aCOMUNICACIONES SATELITALES
650 _aSATELITES ARTIFICIALES EN TELECOMUNICACIONES
700 _aLUTHER, ARCH C.
942 _c01
010 _a85771
999 _c231797
_d231797